| 000 | 00445nam a22001337a 4500 | ||
|---|---|---|---|
| 082 | _a340.59 RAH | ||
| 100 | _aRahim, Abdur | ||
| 245 |
_aThe principles of Muhammadan jurisprudence : _baccording to the Hanafi, Maliki, Shafii and Hanbali schools / _cAbdur Rahim |
||
| 260 |
_aRawalpindi : _bFederal Law House, _c2017. |
||
| 300 |
_a392 p. ; _c23 cm. |
||
| 942 |
_2ddc _cBK |
||
| 999 |
_c586928 _d586928 |
||